| 000 | 00925nam a2200277 i 4500 | ||
|---|---|---|---|
| 003 | EG-ScBUE | ||
| 005 | 20230620110256.0 | ||
| 008 | 171115t2012 nyub f b 001 0 eng d | ||
| 020 | _a9781620400388 | ||
| 040 |
_aEG-ScBUE _beng _erda _cEG-ScBUE _dEG-ScBUE |
||
| 082 | 0 | 4 |
_222 _a909.097124107 _bDAR |
| 100 | 1 |
_aDarwin, John, _eauthor. |
|
| 245 | 1 | 0 |
_aUnfinished empire : _bthe global expansion of Britain / _cJohn Darwin. |
| 264 | 1 |
_aNew York : _bBloomsbury Press, _c[2012] |
|
| 264 | 4 | _cc2012 | |
| 300 |
_axiv, 478 pages : _bmaps ; _c18 cm |
||
| 336 |
_2rdacontent _atext _btxt |
||
| 337 |
_2rdamedia _aunmediated _bn |
||
| 338 |
_2rdacarrier _avolume _bnc |
||
| 504 | _aIncludes bibliographical references and index. | ||
| 651 | 7 |
_2BUEsh _aGreat Britain _xHistory _y19th century. _910940 |
|
| 651 | 7 |
_2BUEsh _aGreat Britain _xColonies _xHistory. |
|
| 653 |
_bBUSBOL _cNovember2017 |
||
| 655 | _vText book | ||
| 942 |
_2ddc _cBB |
||
| 999 |
_c25587 _d25559 |
||